Statistics for Fictional Characters by Letter - M

Click here to take the quiz!

General Stats

  • This quiz has been taken 37,763 times
    (24,004 since last reset)
  • The average score is 14 of 21

Answer Stats

Hint Character % Correct
Symbol of DisneyMickey Mouse
99%
Girlfriend of the aboveMinnie Mouse
95%
Video game plumberMario
91%
Ninja Turtle with nunchucksMichelangelo
90%
He went back to the futureMarty McFly
81%
Snake-haired Gorgon whose gaze
will turn one to stone
Medusa
80%
Has a perpetual tea party
with the March Hare
Mad Hatter
79%
Simba's dadMufasa
79%
Protagonist of the Jungle BookMowgli
77%
Peter Parker's love interestMary Jane Watson
72%
"Mother Hen" on FriendsMonica Geller
72%
Sleeping Beauty villainMaleficent
63%
X-men character who can control metalMagneto
61%
Bart Simpson's best friendMilhouse Van Houten
58%
Telekinetic heroine of a Roald Dahl storyMatilda Wormwood
57%
Leader of the DecepticonsMegatron
45%
He rescued Neo from the MatrixMorpheus
42%
Orange-colored great dane of
the funny pages
Marmaduke
41%
Tyler Perry's favorite characterMadea Simmons
33%
Carrie Bradshaw's lawyer friendMiranda Hobbes
28%
Went through the Phantom TollboothMilo
8%

Score Distribution

Percentile by Number Answered

Percent of People with Each Score

Your Score History

You have not taken this quiz since the last reset